000 01787cas a22004451 4500
001 11265866
003 OSt
005 20140226164343.0
007 hd afb---baca
008 790911c18929999ilubr p a 0 a0eng d
010 _asn 83004103
022 _a0022-3808
035 _a(OCoLC)ocm05362200
040 _aCLU
_beng
_cCLU
_dPPiU
_dInU
_dDLC
_dNST
_dInU
_dOCoLC
_dOkLC
_dOCoLC
042 _amsc
050 0 0 _aHB1
_b.J7
050 1 4 _aHB1
_b.J7
210 0 _aJ. polit. econ.
222 0 _aJournal of political economy
245 0 0 _aJournal of political economy
_h[microform].
260 _a[Chicago]
_bUniversity of Chicago Press.
300 _av.
_bmaps
_c25 cm.
362 0 _av. 1- Dec. 1892-
500 _aEditors: Dec. 1892-<1917> J.L. Laughlin and others (J.A. Field, managing editor, Oct. 1916-<1917>).
525 _aSupplements accompany some vols.
533 _aMicrofilm.
_bAnn Arbor, Mich. :
_cUniversity Microfilms International.
_emicrofilm reels ; 35 mm.
550 _aVols. for 1892-June 1911 issued by the Dept. of Political Economy, University of Chicago; July 1911-July 1920 by the University of Chicago in cooperation with the Western Economic Society.
590 _aSERBIB/SERLOC merged record
650 0 _aEconomics
_vPeriodicals.
_925620
700 1 _aLaughlin, J. Laurence
_q(James Laurence),
_d1850-1933.
_925621
700 1 _aField, James Alfred,
_d1880-1927.
_925622
710 2 _aUniversity of Chicago.
_bDepartment of Political Economy.
_925623
710 2 _aUniversity of Chicago.
_925624
710 2 _aWestern Economic Society (U.S.)
_925625
776 1 _cOriginal
_w(DLC) 08001721
_w(OCoLC)1754747
906 _a7
_bcbc
_cserials
_du
_encip
_f19
_gn-oclcserc
942 _2lcc
_cPER
_s1
999 _c58742
_d58716